01516nam a2200409 i 450000100060000000300080000600500170001400600190003100700150005000800410006502000270010602000180013303500230015103500240017403500250019803500210022304000310024405000230027508200160029810000230031424501240033725000230046126400440048430000410052833600310056933700330060033800430063349000150067650400640069158801240075561000420087965100370092165100430095865500270100183000160102885600620104425148FlNmELB20241216215811.0m o d | cr cnu||||||||150608s2008 mx ob 000 0 spa d a9781512900408 (e-book) z9789708190831 a(MiAaPQ)EBC3229604 a(Au-PeEL)EBL3229604 a(CaPaEBR)ebr11046752 a(OCoLC)991992543 aFINmELBbspaerdacFINmELB 4aF1236.7b.F33 20080 a972.0842231 aFabela, Guillermo.14aLas paradojas de la transición :bagonía de un sistema político sin autocrítica /cGuillermo Fabela Quiñones. aPrimera edición. 1aMéxico, D.F. :bM.A. Porrúa,c2008. a1 recurso en línea (116 páginas) atextobtxt2rdacontent/spa acomputadorabc2rdamedia/spa arecurso en líneabcr2rdacarrier/spa1 aPolítica aIncluye referencias bibliográficas (páginas: 115-116). aDescripción basada en recurso en línea; Título de la página del título en PDF (e-libro, visto June 08, 2015).20aPartido Revolucionario Institucional. 4aMéxicoxPolítica y gobierno. 0aMexicoxPolitics and governmenty2000- 4aLibros electrónicos. 0aPolítica.40uhttps://elibro.net/ereader/politecnicointernacional/76077